Breakthrough performance : (Запис № 476434)

МАРК-запис
000 -LEADER
fixed length control field 01522cam a2200349Ka 4500
001 - CONTROL NUMBER
control field breakthroughperf00dani
003 - CONTROL NUMBER IDENTIFIER
control field CaSfIA
005 - DATE AND TIME OF LATEST TRANSACTION
control field 20210117221646.0
007 - PHYSICAL DESCRIPTION FIXED FIELD--GENERAL INFORMATION
fixed length control field cr||||
008 - FIXED-LENGTH DATA ELEMENTS--GENERAL INFORMATION
fixed length control field 950918s1995 caua b 001 0 eng d
010 ## - LIBRARY OF CONGRESS CONTROL NUMBER
LC control number 94072419
040 ## - CATALOGING SOURCE
Original cataloging agency SJP
Transcribing agency SJP
Modifying agency JED
-- OCLCQ
-- BAKER
-- CaSfIA
020 ## - INTERNATIONAL STANDARD BOOK NUMBER
International Standard Book Number 188293900X
020 ## - INTERNATIONAL STANDARD BOOK NUMBER
International Standard Book Number 9781882939008
035 ## - SYSTEM CONTROL NUMBER
System control number (OCoLC)33148494
050 #4 - LIBRARY OF CONGRESS CALL NUMBER
Classification number HD58.82
Item number .D24 1995
092 0# - LOCALLY ASSIGNED DEWEY CALL NUMBER (OCLC)
Classification number 658.402
Item number DAN
Edition number 20
029 1# - (OCLC)
OCLC library identifier AU@
System control number 000012236726
029 1# - (OCLC)
OCLC library identifier AU@
System control number 000021753241
100 1# - MAIN ENTRY--PERSONAL NAME
Personal name Daniels, William R.
245 10 - TITLE STATEMENT
Title Breakthrough performance :
Medium [electronic resource]
Remainder of title managing for speed and flexibility /
Statement of responsibility, etc by William R. Daniels.
260 ## - PUBLICATION, DISTRIBUTION, ETC. (IMPRINT)
Place of publication, distribution, etc Mill Valley, Calif. :
Name of publisher, distributor, etc ACT Pub.,
Date of publication, distribution, etc c1995.
300 ## - PHYSICAL DESCRIPTION
Extent xiii, 258 p. :
Other physical details ill. ;
Dimensions 23 cm.
504 ## - BIBLIOGRAPHY, ETC. NOTE
Bibliography, etc Includes bibliographical references (p. 249-251) and index.
506 ## - RESTRICTIONS ON ACCESS NOTE
Standardized terminology for access restriction Необхідна авторизація на https://archive.org/ (створення облікового запису безкоштовно)
506 ## - RESTRICTIONS ON ACCESS NOTE
Standardized terminology for access restriction Необхідна авторизація на https://openlibrary.org/ (створення облікового запису безкоштовно)
650 #0 - SUBJECT ADDED ENTRY--TOPICAL TERM
Topical term or geographic name as entry element Management
General subdivision Employee participation.
650 #0 - SUBJECT ADDED ENTRY--TOPICAL TERM
Topical term or geographic name as entry element Performance technology.
856 41 - ELECTRONIC LOCATION AND ACCESS
Uniform Resource Identifier <a href="http://www.archive.org/details/breakthroughperf00dani">http://www.archive.org/details/breakthroughperf00dani</a>
Public note Free eBook from the Internet Archive
856 42 - ELECTRONIC LOCATION AND ACCESS
Uniform Resource Identifier <a href="http://www.openlibrary.org/books/OL8684525M">http://www.openlibrary.org/books/OL8684525M</a>
Public note Additional information and access via Open Library
942 ## - ADDED ENTRY ELEMENTS (KOHA)
Koha item type ЕКнига

Немає доступних примірників.